000 00486nam a2200193Ia 4500
008 101110s9999 xx 000 0 und d
041 _aENGLISH
082 _bJR1843
100 _aRangaparia, Surnis
245 _aNew Course in Secretarial Practice
365 _b20.5
520 _aCommerce
546 _aENGLISH
630 _aNew Course in Secretarial Practice
650 _aCommerce
655 _aCommerce
730 _aNew Course in Secretarial Practice
942 _cBOOK
999 _c793929
_d793926